Loading...
Commissions for protection of child rights Act, 2005(4 of 2006) Effective 15th.February,2007 vide S O 229(E) dt.15-2-2007 as amended by the commissions for protection of child rights (Amendment) Act, 2006 (4 of 2007) with notes on clauses
| Format: | Printed Book |
|---|---|
| Published: |
New Delhi
Universal Law Publishing Co.
2007
|
| Subjects: |
| LEADER | 00616cam a2200133ua 4500 | ||
|---|---|---|---|
| 082 | |a 362.76 |b COM | ||
| 245 | 0 | 0 | |a Commissions for protection of child rights Act, 2005(4 of 2006) Effective 15th.February,2007 vide S O 229(E) dt.15-2-2007 as amended by the commissions for protection of child rights (Amendment) Act, 2006 (4 of 2007) with notes on clauses |
| 260 | |a New Delhi |b Universal Law Publishing Co. |c 2007 | ||
| 300 | |a 35p. | ||
| 650 | |a Child Rights Act | ||
| 650 | 0 | |a Law | |
| 942 | |c BK | ||
| 999 | |c 19120 |d 19120 | ||
| 952 | |0 0 |1 0 |4 0 |6 362_760000000000000_COM |7 0 |9 19970 |a KUCL |b KUCL |d 2014-05-23 |l 0 |o 362.76 COM |p 20102 |r 2014-05-23 |y BK | ||